El legado de Grecia / (Registro nro. 189710)

Detalles MARC
000 -LEADER
campo de control de longitud fija 00743nam a2200217 i 4500
001 - NÚMERO DE CONTROL
campo de control 189710
003 - IDENTIFICADOR DE NÚMERO DE CONTROL
campo de control ES-MaACL
005 - FECHA Y HORA DE LA ÚLTIMA TRANSACCIÓN
campo de control 20251003151011.0
008 - DATOS DE LONGITUD FIJA--INFORMACIÓN GENERAL
campo de control de longitud fija 190923s1956 sp |||| | spa d
245 03 - MENCIÓN DEL TÍTULO
Título El legado de Grecia /
Mención de responsabilidad, etc. editado por Richard Livingstone.
250 ## - MENCION DE EDICION
Mención de edición 3ª ed.
260 ## - PUBLICACIÓN, DISTRIBUCIÓN, ETC.
Lugar de publicación, distribución, etc. Madrid :
Nombre del editor, distribuidor, etc. Pegaso,
Fecha de publicación, distribución, etc. 1956.
300 ## - DESCRIPCIÓN FÍSICA
Extensión XI, 567 p., 10 p. de lám ;
Dimensiones 20 cm.
490 1# - MENCIÓN DE SERIE
Mención de serie Los legados de la Universidad de Oxford ;
Designación de volumen o secuencia 3
594 ## - Nota al título y mención de responsabilidad
Nota al título y mención de responsabilidad Precede al tít.: Universidad de Oxford.
650 #4 - PUNTO DE ACCESO ADICIONAL DE MATERIA--TÉRMINO DE MATERIA
Término de materia o nombre geográfico como elemento de entrada Civilización griega.
9 (RLIN) 137206
700 1# - ENTRADA AGREGADA--NOMBRE PERSONAL
Nombre de persona Livingstone, Richard Winn,
Títulos y otros términos asociados al nombre Sir,
Fechas asociadas al nombre 1880-1960
9 (RLIN) 168093
830 0# - PUNTO DE ACCESO ADICIONAL DE SERIE-TÍTULO UNIFORME
Título uniforme Los legados de la Universidad de Oxford ;
Designación de volumen o secuencia 3
9 (RLIN) 193372
852 ## - LOCALIZACIÓN
Ubicación ES-MaACL
Número de control de estantería P-858-2
Existencias
Estatus retirado Estado de pérdida Estado de daño No para préstamo Biblioteca de origen Biblioteca actual Ubicación en estantería Fecha de adquisición Fuente de adquisición Total de préstamos Signatura topográfica completa Código de barras Visto por última vez Precio de reemplazo Tipo de ítem Koha
        Biblioteca del Ateneo de Madrid Biblioteca del Ateneo de Madrid Depósito 2 23/09/2019     P-858-2 1201125 23/02/2023 23/02/2023 Libro impreso